| 000 | 00665nam a2200205 a 4500 | ||
|---|---|---|---|
| 001 | 000004733 | ||
| 005 | 20200929151507.0 | ||
| 008 | 950302s1972 sp 000 0 spa | ||
| 040 |
_aDO-SdBNP _bspa _cBNPHU |
||
| 082 |
_a843.7 _bS825r |
||
| 100 | 1 |
_aStendhal, M. de. _q(Marie Henri Beyle), _d1783-1842. _913770 |
|
| 245 | 1 | 0 |
_aRojo y negro / _cM. de Stendhal. |
| 260 |
_aBarcelona : _bRamón Sopena, _c1972. |
||
| 300 |
_a427 p. ; _c18 cm. |
||
| 490 | 1 |
_aBiblioteca Sopena ; _vno. 72-1. |
|
| 650 | 4 |
_aNovela francesa _91075 |
|
| 650 | 4 |
_aLiteratura francesa _ySIGLO XIX _95031 |
|
| 700 | 1 |
_aSopena, Ramón, _eed. _912814 |
|
| 830 | 0 |
_aBiblioteca Sopena ; _vno. 72-1. _912815 |
|
| 999 |
_c4539 _d4539 |
||